Joy is my name
Tallennettuna:
| Päätekijä: | |
|---|---|
| Aineistotyyppi: | Kirja |
| Kieli: | englanti |
| Julkaistu: |
Londres
Victor Gollancz
1929
|
| Painos: | 1a. ed |
| Aiheet: | |
| Tagit: |
Lisää tagi
Ei tageja, Lisää ensimmäinen tagi!
|
MARC
| LEADER | 00000nam a2200000 a 4500 | ||
|---|---|---|---|
| 001 | UCJ4085 | ||
| 003 | CL-VaPUC | ||
| 008 | 070124e19290000UK |||||||||||||||||eng|d | ||
| 082 | 0 | 4 | |a 823 |b SAL |2 21 |
| 100 | 0 | |a Salt, Sarah |e author |9 506964 | |
| 245 | 1 | 0 | |a Joy is my name |
| 250 | |a 1a. ed | ||
| 300 | |a 287 p | ||
| 942 | |c BK | ||
| 945 | |d 20070124 00:00:00 |a rinostro | ||
| 260 | |a Londres |b Victor Gollancz |c 1929 | ||
| 650 | 7 | |a NOVELA INBGLESA |2 CL-VaPUC |9 506965 | |
| 583 | |a last modification |c 20070124 00:00:00 |k Rodrigo Vera | ||
| 999 | |c 320202 |d 320200 | ||
| 952 | |0 0 |1 0 |4 0 |6 823_000000000000000_SAL_1929 |7 0 |8 X |9 398679 |a FDOBUD |b FDOBUD |d 2019-11-22 |i 101305K |o 823 SAL 1929 |p 101305K |r 2019-11-22 |w 2019-11-22 |y BK_X |k BUD | ||